header

Pathogens and toxins in foods (Record no. 103288)

MARC details
000 -LEADER
fixed length control field 01264nam a2200325Ia 4500
082 04 - DEWEY DECIMAL CLASSIFICATION NUMBER
Classification number 664.001/579
245 00 - TITLE STATEMENT
Title Pathogens and toxins in foods
260 ## - PUBLICATION, DISTRIBUTION, ETC. (IMPRINT)
Place of publication Washington, DC :
Name of publisher ASM Press,
Year of publication 2009.
300 ## - PHYSICAL DESCRIPTION
Number of Pages xii, 512 p. :
Other physical details ill.
650 #0 - SUBJECT ADDED ENTRY--TOPICAL TERM
Topical Term Food
Topical Term Food
700 1# - ADDED ENTRY--PERSONAL NAME
Personal name Juneja, Vijay K.,
Personal name Sofos, John Nikolaos.
856 40 - ELECTRONIC LOCATION AND ACCESS
Uniform Resource Identifier http://site.ebrary.com/lib/rucke/Doc?id=10381778

No items available.

© 2026 Rongo University
Contact us: librarian | system librarian | Rongo university